| Tag |
First Indicator |
Second Indicator |
Subfields |
| LEADER |
00000cam a2200000 4500 |
| 001 |
in00000008403 |
| 005 |
20151003050049.0 |
| 008 |
750926s1920 enkab b 00110 eng |
| 010 |
|
|
|a 20013782
|
| 035 |
|
|
|a (OCoLC)01656585
|
| 035 |
|
|
|9 AAA0791AM
|
| 040 |
|
|
|a DLC
|c GWC
|d GWC
|d OCL
|d m/c
|d TXA
|d UtOrBLW
|
| 050 |
0 |
0 |
|a P945
|b .C6
|
| 100 |
1 |
|
|a Cowley, A. E.
|q (Arthur Ernest),
|d 1861-1931.
|
| 245 |
1 |
4 |
|a The Hittites /
|c by A.E. Cowley.
|
| 264 |
|
1 |
|a London :
|b Published for the British Academy by H. Milford, Oxford University Press,
|c 1920.
|
| 300 |
|
|
|a viii, 94 pages :
|b illustrations, map ;
|c 25 cm.
|
| 336 |
|
|
|a text
|b txt
|2 rdacontent
|
| 337 |
|
|
|a unmediated
|b n
|2 rdamedia
|
| 338 |
|
|
|a volume
|b nc
|2 rdacarrier
|
| 490 |
1 |
|
|a The Schweich lectures for 1918
|
| 500 |
|
|
|a At head of title: The British academy.
|
| 504 |
|
|
|a Includes bibliographical references and index.
|
| 650 |
|
0 |
|a Hittites.
|
| 650 |
|
0 |
|a Inscriptions, Hittite.
|
| 830 |
|
0 |
|a Schweich lectures ;
|v 1918.
|
| 999 |
|
|
|a MARS
|
| 999 |
f |
f |
|s 23e96fa2-f801-3b98-808b-a0a9a9c83c00
|i 3fc706ed-7c4f-374d-a0b6-7478d323ef5f
|t 0
|
| 952 |
f |
f |
|p ric
|a Texas A&M University
|b Rellis Campus
|c Joint Library Facility
|s JLF
|d Remote Storage
|t 0
|e P945 .C6
|h Library of Congress classification
|i unmediated -- volume
|m A14812562358
|
| 998 |
f |
f |
|a P945 .C6
|t 0
|l Remote Storage
|